000 00494cam a2200193 a 4500
001 4678185
005 20180314094114.0
008 810302s1981 caua c 000 0 eng
010 _a 81002042
040 _aDLC
_cDLC
_dDLC
041 _aeng
080 _a750.74 MAS
082 0 0 _a750.74 MAS
_219
100 _a44
101 _aART
245 1 4 _aThe Armand Hammer Collection :
906 _a7
_bcbc
_corignew
_d1
_eocip
_f19
_gy-gencatlg
942 _2ddc
_cBK
999 _c45046
_d45046